[Event "EYb16, Budva YUG"]
[Site "?"]
[Date "2003.??.??"]
[Round "1"]
[White "Papin, V."]
[Black "Pavlik, G."]
[Result "1-0"]
[WhiteElo "2370"]
[BlackElo "2145"]
[PlyCount "131"]
[EventDate "2003.??.??"]

1. e4 d5 2. exd5 Nf6 3. d4 Nxd5 4. Nf3 g6 5. Bc4 Bg7 6. O-O O-O 7. Re1 Nc6 8.
c3 Bg4 9. Bg5 Qd7 10. Nbd2 Rfe8 11. h3 Bxf3 12. Qxf3 Rad8 13. Ne4 Qf5 14. Qxf5
gxf5 15. Nc5 Na5 16. Bxd5 Rxd5 17. Bxe7 b6 18. Na6 Rd7 19. Bb4 Re6 20. Bxa5
bxa5 21. Nc5 Rxe1+ 22. Rxe1 Rd8 23. Re7 Rc8 24. Na6 Bh6 25. Nxc7 Bc1 26. b3 Bb2
27. Nd5 Rd8 28. Re5 a4 29. Kf1 axb3 30. axb3 a5 31. Ke2 Rb8 32. Kd3 Rxb3 33.
Kc2 a4 34. Re8+ Kg7 35. Ra8 Rb5 36. Rxa4 Rxd5 37. Kxb2 f4 38. Ra1 Rg5 39. Rg1
h5 40. g4 f5 41. f3 fxg4 42. hxg4 Kf6 43. Kc2 Rg8 44. Kd3 h4 45. c4 Kg5 46. d5
h3 47. d6 Kh4 48. c5 h2 49. Rh1 Kg3 50. c6 Kg2 51. Rxh2+ Kxh2 52. c7 Rc8 53. d7
Rxc7 54. d8=Q Ra7 55. Qb8 Ra3+ 56. Ke4 Ra4+ 57. Kf5 Kg3 58. Qb3 Ra5+ 59. Kf6
Ra6+ 60. Kg7 Ra1 61. g5 Rf1 62. g6 Rxf3 63. Qb8 Rc3 64. Kf6 Kh4 65. g7 Rg3 66.
Qh8+ 1-0

[Event "EYb16, Budva YUG"]
[Site "?"]
[Date "2003.??.??"]
[Round "1"]
[White "Bove, A."]
[Black "Moranda, W."]
[Result "0-1"]
[WhiteElo "2125"]
[BlackElo "2355"]
[PlyCount "76"]
[EventDate "2003.??.??"]

1. e4 c5 2. b4 b6 3. bxc5 bxc5 4. Bc4 Bb7 5. Nc3 Nc6 6. f4 Na5 7. Be2 g6 8. Bf3
Bg7 9. Nge2 e6 10. O-O Ne7 11. Rb1 d6 12. d3 O-O 13. Be3 Rb8 14. Qd2 Nec6 15.
f5 Ne5 16. fxe6 fxe6 17. Nf4 Qd7 18. Be2 Nac6 19. Nb5 a6 20. Na3 Qe7 21. c3 Nd7
22. d4 Nf6 23. Bf3 cxd4 24. cxd4 e5 25. Nd5 Nxd5 26. exd5 Nxd4 27. Bxd4 exd4
28. Nc2 Qc7 29. Rfc1 Qf7 30. Qa5 Be5 31. Ne1 Qf4 32. Rc7 Qxh2+ 33. Kf1 Rxf3+
34. gxf3 Bg3 35. Nd3 Qh1+ 36. Ke2 Qxb1 37. Rg7+ Kxg7 38. Qc7+ Kh6 0-1

[Event "EYb16, Budva YUG"]
[Site "?"]
[Date "2003.??.??"]
[Round "1"]
[White "Rodic, Do"]
[Black "Ragger, M."]
[Result "0-1"]
[WhiteElo "2100"]
[BlackElo "2345"]
[PlyCount "84"]
[EventDate "2003.??.??"]

1. d4 d5 2. Nf3 c6 3. c4 e6 4. Nc3 dxc4 5. a4 Bb4 6. g3 c5 7. Bg2 Nc6 8. Be3
Nge7 9. dxc5 Nd5 10. Bd2 Nxc3 11. Bxc3 Bxc3+ 12. bxc3 Qa5 13. O-O Qxc5 14. Nd4
Nxd4 15. cxd4 Qc7 16. Qc2 Bd7 17. Rfb1 Rb8 18. Rb4 b5 19. axb5 Bxb5 20. Rab1 a6
21. Qxc4 Qxc4 22. Rxc4 Kd7 23. Rcb4 Kc7 24. Kf1 Rb6 25. Ke1 Rhb8 26. Rc1+ Kd6
27. e4 a5 28. Rb2 a4 29. Kd2 f6 30. Rcb1 Kc7 31. d5 exd5 32. exd5 Kd6 33. Rb4
Kc5 34. Kc3 a3 35. Ra1 Ra8 36. Rb3 a2 37. d6 Ra7 38. Rb2 Ra3+ 39. Kc2 Ba4+ 40.
Kc1 Rxd6 41. Rd2 Rc3+ 42. Kb2 Rb3+ 0-1

[Event "EYb16, Budva YUG"]
[Site "?"]
[Date "2003.??.??"]
[Round "1"]
[White "Zinchenko, Y."]
[Black "Dimovski, Ne"]
[Result "1-0"]
[WhiteElo "2320"]
[BlackElo "2100"]
[PlyCount "45"]
[EventDate "2003.??.??"]

1. e4 e5 2. Nf3 Nc6 3. Bb5 f5 4. Bxc6 bxc6 5. Qe2 d6 6. O-O Nf6 7. Nc3 Be7 8.
d4 fxe4 9. Nxe4 Bg4 10. dxe5 dxe5 11. h3 Bxf3 12. Qxf3 O-O 13. Rd1 Nd5 14. Qg3
Bd6 15. c4 Nf4 16. Bxf4 exf4 17. Qf3 c5 18. Nxc5 Qe7 19. Re1 Qf7 20. Ne6 Rfe8
21. c5 Rac8 22. Ng5 Qg6 23. Qd5+ 1-0

[Event "EYb16, Budva YUG"]
[Site "?"]
[Date "2003.??.??"]
[Round "1"]
[White "Skoberne, J."]
[Black "Kuzmicz, K."]
[Result "0-1"]
[WhiteElo "2085"]
[BlackElo "2310"]
[PlyCount "118"]
[EventDate "2003.??.??"]

1. g3 g6 2. Bg2 Bg7 3. e4 e5 4. Ne2 Ne7 5. O-O O-O 6. c3 Nbc6 7. d3 d5 8. Qc2
Be6 9. f4 dxe4 10. dxe4 exf4 11. Nxf4 Qd6 12. Be3 Ne5 13. Rd1 Qa6 14. Nd2 Ng4
15. Bc5 Rfe8 16. Nf3 Qc6 17. Bd4 Bxd4+ 18. Nxd4 Qb6 19. Nfxe6 fxe6 20. Qb3 Nc6
21. Qxb6 axb6 22. Nxc6 bxc6 23. e5 Red8 24. Bxc6 Rxd1+ 25. Rxd1 Rxa2 26. Rd8+
Kg7 27. Rd7+ Kh6 28. Rxc7 Rxb2 29. Re7 Nxe5 30. Rxe6 Ng4 31. Bf3 Kg5 32. Bxg4
Kxg4 33. Re4+ Kf3 34. Rf4+ Ke3 35. Rf7 Rb3 36. Re7+ Kf3 37. Rf7+ Ke3 38. Rc7 h5
39. Rc6 g5 40. Rg6 Rb5 41. c4 Rb1+ 42. Kg2 Rb2+ 43. Kg1 Kf3 44. Rf6+ Kg4 45.
Rg6 Rb4 46. h3+ Kxh3 47. Rxg5 Rxc4 48. Rxh5+ Kxg3 49. Rg5+ Kf3 50. Rb5 Rc6 51.
Rb3+ Ke2 52. Rb2+ Kd3 53. Rb5 Kc4 54. Rf5 b5 55. Kf1 Re6 56. Rf4+ Kb3 57. Rf3+
Ka4 58. Rf8 b4 59. Ra8+ Kb3 0-1

[Event "EYb16, Budva YUG"]
[Site "?"]
[Date "2003.??.??"]
[Round "1"]
[White "Huang, H."]
[Black "Meier, Geo"]
[Result "1/2-1/2"]
[WhiteElo "2080"]
[BlackElo "2300"]
[PlyCount "97"]
[EventDate "2003.??.??"]

1. e4 e6 2. d4 d5 3. Nd2 dxe4 4. Nxe4 Nd7 5. Nf3 Ngf6 6. Nxf6+ Nxf6 7. Bd3 c5
8. O-O cxd4 9. Bb5+ Bd7 10. Bxd7+ Qxd7 11. Qxd4 Qxd4 12. Nxd4 Bc5 13. Nb3 Bd6
14. Rd1 Ke7 15. h3 Rhc8 16. c3 Nd5 17. Nd4 Be5 18. Nf3 Bf6 19. Bg5 Bxg5 20.
Nxg5 Rc4 21. Nf3 Rd8 22. Rd2 f6 23. Rad1 a6 24. Nd4 g6 25. Ne2 b5 26. Kf1 Rd7
27. g3 Rcc7 28. Rd4 Nb6 29. b3 e5 30. Rxd7+ Rxd7 31. Ke1 f5 32. Rxd7+ Nxd7 33.
Kd2 Kd6 34. Ke3 Kd5 35. Nc1 g5 36. Nd3 a5 37. f3 h6 38. Nf2 Nf6 39. g4 Ke6 40.
gxf5+ Kxf5 41. c4 bxc4 42. bxc4 h5 43. Nd3 e4 44. Nc5 exf3 45. Kxf3 Ke5 46. a4
g4+ 47. hxg4 hxg4+ 48. Kg3 Kd4 49. Nb3+ 1/2-1/2

[Event "EYb16, Budva YUG"]
[Site "?"]
[Date "2003.??.??"]
[Round "1"]
[White "Ponkratov, P."]
[Black "Gigov, M."]
[Result "1-0"]
[WhiteElo "2295"]
[BlackElo "2075"]
[PlyCount "73"]
[EventDate "2003.??.??"]

1. e4 e5 2. Nf3 Nc6 3. Bb5 g6 4. Bxc6 dxc6 5. O-O Bg4 6. h3 Bxf3 7. Qxf3 Bg7 8.
a4 c5 9. d3 Ne7 10. Na3 a5 11. Be3 b6 12. Nc4 O-O 13. b4 b5 14. axb5 cxb4 15.
Nxa5 c6 16. Bc5 Qc7 17. Bxb4 cxb5 18. c3 Rfd8 19. Rfb1 Nc6 20. Nxc6 Qxc6 21.
Qe3 Bf8 22. Bxf8 Rxa1 23. Rxa1 Qxc3 24. Rb1 Kxf8 25. Rxb5 Qxd3 26. Qh6+ Kg8 27.
Rxe5 Qd4 28. Qf4 Qa1+ 29. Kh2 Rd1 30. Re8+ Kg7 31. e5 Rh1+ 32. Kg3 Qc3+ 33. Kh4
Re1 34. Re7 g5+ 35. Kxg5 Qc1 36. Rxf7+ Kg8 37. Qxc1 1-0

[Event "EYb16, Budva YUG"]
[Site "?"]
[Date "2003.??.??"]
[Round "1"]
[White "Vandenbussche, T."]
[Black "Gavariev, R."]
[Result "1/2-1/2"]
[WhiteElo "2040"]
[BlackElo "2255"]
[PlyCount "57"]
[EventDate "2003.??.??"]

1. e4 c6 2. d4 d5 3. Nc3 dxe4 4. Nxe4 Bf5 5. Ng3 Bg6 6. Nf3 Nd7 7. h4 h6 8. h5
Bh7 9. Bd3 Bxd3 10. Qxd3 Ngf6 11. Bd2 e6 12. O-O-O Qc7 13. Qe2 O-O-O 14. Ne5
Nxe5 15. dxe5 Nd7 16. Bc3 Be7 17. Kb1 Nb6 18. Ba5 Rd5 19. Rxd5 cxd5 20. c4 dxc4
21. Rc1 Kb8 22. Bxb6 Qxb6 23. Rxc4 Rc8 24. Rxc8+ Kxc8 25. Qc4+ Qc7 26. Qb5 Qd7
27. Qc4+ Qc7 28. Qd4 Qd7 29. Qc4+ 1/2-1/2

[Event "EYb16, Budva YUG"]
[Site "?"]
[Date "2003.??.??"]
[Round "2"]
[White "Ponkratov, P."]
[Black "Balogh, C."]
[Result "1/2-1/2"]
[WhiteElo "2295"]
[BlackElo "2460"]
[PlyCount "54"]
[EventDate "2003.??.??"]

1. e4 c5 2. Nf3 d6 3. d4 cxd4 4. Nxd4 Nf6 5. Nc3 Nc6 6. Be2 e5 7. Nb3 Be7 8.
O-O O-O 9. f4 a5 10. a4 Nb4 11. Bf3 Be6 12. Be3 exf4 13. Bxf4 Nxc2 14. Qxc2
Qb6+ 15. Kh1 Bxb3 16. Qd2 Rad8 17. Qe1 Bc4 18. Rf2 Nd7 19. Rd2 Ne5 20. Nd5 Bxd5
21. Rxd5 Nxf3 22. gxf3 Qxb2 23. Rb1 Qa3 24. Qd1 Rb8 25. Qb3 Qxb3 26. Rxb3 f5
27. exf5 g6 1/2-1/2

[Event "EYb16, Budva YUG"]
[Site "?"]
[Date "2003.??.??"]
[Round "2"]
[White "Moranda, W."]
[Black "Kaplan, S."]
[Result "0-1"]
[WhiteElo "2355"]
[BlackElo "2205"]
[PlyCount "88"]
[EventDate "2003.??.??"]

1. e4 e5 2. Nf3 Nc6 3. Bb5 a6 4. Bxc6 dxc6 5. O-O Bg4 6. h3 h5 7. d3 Qf6 8. Be3
Bxf3 9. Qxf3 Qxf3 10. gxf3 Bd6 11. Nd2 Ne7 12. Kh1 f6 13. Nc4 Kf7 14. Rad1 Rad8
15. d4 Ng6 16. c3 Rhe8 17. Rd3 exd4 18. cxd4 Nh4 19. Bc1 c5 20. Na5 Be5 21. d5
b6 22. Nc6 Rd7 23. Nxe5+ Rxe5 24. Bf4 Re8 25. Bg3 Ng6 26. Re3 f5 27. exf5 Ne7
28. Rfe1 Rc8 29. Re6 Nxf5 30. R6e5 g6 31. Bf4 Re7 32. Re6 Rxe6 33. Rxe6 Ne7 34.
Be5 Nxd5 35. Rc6 Re8 36. f4 Re6 37. Rxe6 Kxe6 38. Kg2 g5 39. Kf3 Kf5 40. a3 c6
41. Bb8 Nxf4 42. Ba7 Nd5 43. a4 c4 44. Bb8 c3 0-1

[Event "EYb16, Budva YUG"]
[Site "?"]
[Date "2003.??.??"]
[Round "2"]
[White "Mikkelsen, N."]
[Black "Vranes, D."]
[Result "1-0"]
[WhiteElo "2100"]
[BlackElo "2040"]
[PlyCount "61"]
[EventDate "2003.??.??"]

1. e4 e5 2. Nf3 Nc6 3. Bb5 f5 4. Nc3 fxe4 5. Nxe4 d5 6. Nxe5 dxe4 7. Nxc6 Qd5
8. c4 Qd6 9. Nxa7+ c6 10. Nxc8 Rxc8 11. Ba4 Nf6 12. Bc2 Qe5 13. O-O Bd6 14. g3
O-O 15. d3 Bc5 16. Bf4 Qe6 17. Kg2 Rcd8 18. Qe2 Rfe8 19. dxe4 Nxe4 20. Rae1 Rd4
21. f3 Ng5 22. Qxe6+ Nxe6 23. Be3 Rdd8 24. Bxc5 Nxc5 25. Rxe8+ Rxe8 26. Kf2 g6
27. Rd1 Re7 28. b4 Ne6 29. c5 Kf7 30. Bb3 Kf6 31. Rd6 1-0

[Event "EYb16, Budva YUG"]
[Site "?"]
[Date "2003.??.??"]
[Round "2"]
[White "Ragger, M."]
[Black "Miron, L."]
[Result "1-0"]
[WhiteElo "2345"]
[BlackElo "2175"]
[PlyCount "83"]
[EventDate "2003.??.??"]

1. e4 c5 2. c3 d5 3. exd5 Qxd5 4. d4 Nf6 5. Nf3 e6 6. Be3 cxd4 7. cxd4 Nc6 8.
a3 Be7 9. Nc3 Qd6 10. Bd3 b6 11. O-O Bb7 12. Qe2 O-O 13. Rad1 Rad8 14. Bb1 Rfe8
15. Rfe1 Qb8 16. Bg5 Nd7 17. Qe4 Nf8 18. Qg4 Bxg5 19. Nxg5 Ne7 20. h4 Neg6 21.
Ne2 h6 22. Nh3 Bc8 23. h5 Ne7 24. Qh4 Nd5 25. Nhf4 Nxf4 26. Nxf4 e5 27. dxe5
Rxd1 28. Rxd1 Qxe5 29. Nd3 Qd5 30. Bc2 Bf5 31. Nb4 Qe6 32. Ba4 Rc8 33. Nd5 Kh7
34. Ne3 Kg8 35. Qb4 Qe4 36. Qxe4 Bxe4 37. f3 Ba8 38. Nf5 Rc7 39. Rd8 g6 40.
hxg6 fxg6 41. Bb3+ Kh7 42. Nd6 1-0

[Event "EYb16, Budva YUG"]
[Site "?"]
[Date "2003.??.??"]
[Round "2"]
[White "Volodin, A."]
[Black "Glicenstein, A."]
[Result "0-1"]
[WhiteElo "2310"]
[BlackElo "2305"]
[PlyCount "80"]
[EventDate "2003.??.??"]

1. d4 Nf6 2. c4 c5 3. d5 e6 4. Nc3 exd5 5. cxd5 d6 6. e4 g6 7. Bf4 a6 8. a4 Bg7
9. Nf3 Bg4 10. Be2 Bxf3 11. Bxf3 Qe7 12. O-O O-O 13. Qd2 Nbd7 14. Rae1 Ne5 15.
Bd1 Nfd7 16. Bh6 Nc4 17. Qc1 Bxh6 18. Qxh6 Nxb2 19. Be2 Nb6 20. a5 N6a4 21.
Nxa4 Nxa4 22. Qe3 Qc7 23. Qb3 Qxa5 24. Qxb7 Nc3 25. Bd3 Nb5 26. Bxb5 axb5 27.
Qd7 Qb6 28. f4 c4+ 29. Kh1 Ra7 30. Qg4 Qd4 31. f5 Rfa8 32. f6 h5 33. Qf4 Ra1
34. h3 Rxe1 35. Rxe1 Qe5 36. Qe3 Qxf6 37. Qb6 Ra1 38. Rxa1 Qxa1+ 39. Kh2 Qe5+
40. Kh1 c3 0-1

[Event "EYb16, Budva YUG"]
[Site "?"]
[Date "2003.??.??"]
[Round "2"]
[White "Romanov, E."]
[Black "Huang, H."]
[Result "1-0"]
[WhiteElo "2405"]
[BlackElo "2080"]
[PlyCount "87"]
[EventDate "2003.??.??"]

1. e4 e6 2. d4 d5 3. Nd2 Nf6 4. e5 Nfd7 5. Bd3 c5 6. c3 Nc6 7. Ngf3 cxd4 8.
cxd4 Qb6 9. O-O Nxd4 10. Nxd4 Qxd4 11. Nf3 Qb6 12. Qa4 Qb4 13. Qc2 h6 14. Bd2
Qb6 15. Qa4 Be7 16. Ba5 Qxb2 17. a3 Bc5 18. Kh1 O-O 19. Rfb1 Qxf2 20. Be1 Qe3
21. Rb3 b5 22. Qh4 f5 23. exf6 Nxf6 24. Bh7+ Kxh7 25. Rxe3 Bxe3 26. Bb4 Re8 27.
Re1 Bb6 28. Bc3 Ne4 29. Rxe4 dxe4 30. Qxe4+ Kg8 31. Qxa8 Rd8 32. Qe4 Rf8 33.
Qe5 Rf7 34. Qxb5 Bd7 35. Qd3 Bc6 36. h3 Bd5 37. Bd4 Bxf3 38. Bxb6 Bxg2+ 39.
Kxg2 axb6 40. Qd8+ Kh7 41. Qxb6 e5 42. a4 e4 43. Qe6 Rf4 44. a5 1-0

[Event "EYb16, Budva YUG"]
[Site "?"]
[Date "2003.??.??"]
[Round "2"]
[White "Ryzhov, I."]
[Black "Eisenbeiser, A."]
[Result "1/2-1/2"]
[WhiteElo "2240"]
[BlackElo "2230"]
[PlyCount "71"]
[EventDate "2003.??.??"]

1. d4 d6 2. c4 e5 3. Nc3 exd4 4. Qxd4 Nc6 5. Qd2 g6 6. b3 Bg7 7. Bb2 Nf6 8. e3
Be6 9. Nf3 O-O 10. Be2 h6 11. O-O d5 12. cxd5 Nxd5 13. Nxd5 Qxd5 14. Bxg7 Qxd2
15. Nxd2 Kxg7 16. Bf3 Nd8 17. Rfd1 c6 18. Ne4 Rc8 19. Rac1 Rc7 20. Nc5 Bc8 21.
b4 Ne6 22. b5 Nxc5 23. Rxc5 Bd7 24. Rc3 c5 25. a4 Kf6 26. Be2 b6 27. e4 Be6 28.
f4 Ke7 29. g4 Rd7 30. Rxd7+ Bxd7 31. f5 Rd8 32. Rd3 Bc8 33. Rxd8 Kxd8 34. Bd3
Bb7 35. Kf2 Ke7 36. e5 1/2-1/2

[Event "EYb16, Budva YUG"]
[Site "?"]
[Date "2003.??.??"]
[Round "2"]
[White "Dzhangobegov, V."]
[Black "Rodic, Do"]
[Result "1-0"]
[WhiteElo "2240"]
[BlackElo "2100"]
[PlyCount "35"]
[EventDate "2003.??.??"]

1. e4 c6 2. d4 d5 3. f3 g6 4. Nc3 Bg7 5. Be3 e6 6. Qd2 Ne7 7. O-O-O Qa5 8. Bh6
O-O 9. h4 dxe4 10. fxe4 e5 11. Bxg7 Kxg7 12. h5 Ng8 13. Nf3 Bg4 14. hxg6 fxg6
15. Qg5 Bxf3 16. gxf3 Rxf3 17. Bc4 Na6 18. Rdg1 1-0

[Event "EYb16, Budva YUG"]
[Site "?"]
[Date "2003.??.??"]
[Round "2"]
[White "Nithander, V."]
[Black "Dimovski, Ne"]
[Result "0-1"]
[WhiteElo "2225"]
[BlackElo "2100"]
[PlyCount "96"]
[EventDate "2003.??.??"]

1. e4 e5 2. Nf3 Nc6 3. Bc4 Bc5 4. c3 Qe7 5. O-O Nf6 6. d4 Bb6 7. Re1 d6 8. h3
h6 9. Bb3 g5 10. d5 Nb8 11. Nh2 Nbd7 12. Be3 Nf8 13. Ba4+ Bd7 14. Nd2 Ng6 15.
Ndf1 Nf4 16. Ng3 Bxa4 17. Qxa4+ Qd7 18. Qxd7+ Kxd7 19. a4 h5 20. a5 Bxe3 21.
fxe3 h4 22. Nf5 Nd3 23. Rf1 Nxe4 24. Ra4 Nd2 25. Rfa1 Nxb2 26. Rb4 Nd3 27. Rg4
Nb3 28. Ra3 Nbc5 29. Rxg5 c6 30. c4 cxd5 31. cxd5 Nb4 32. e4 Nxe4 33. Rg4 Nc2
34. Ra2 Nf6 35. Rg7 Nxd5 36. Rxc2 Ke6 37. g4 hxg3 38. Nxg3 Rxh3 39. Nf3 Kf6 40.
Rg4 Ne3 41. Ne4+ Kf5 42. Nxd6+ Kxg4 43. Nxe5+ Kh4 44. Re2 Rg8+ 45. Kf2 Rh2+ 46.
Ke1 Rh1+ 47. Kd2 Nf1+ 48. Kd3 Rh3+ 0-1

[Event "EYb16, Budva YUG"]
[Site "?"]
[Date "2003.??.??"]
[Round "2"]
[White "Lappage, J."]
[Black "Skoberne, J."]
[Result "1-0"]
[WhiteElo "2205"]
[BlackElo "2085"]
[PlyCount "90"]
[EventDate "2003.??.??"]

1. e4 g6 2. Nc3 Bg7 3. Bc4 c6 4. Bb3 d6 5. f4 Nf6 6. Nf3 O-O 7. O-O b5 8. d3 a5
9. a4 b4 10. Ne2 Nbd7 11. c3 Ba6 12. Kh1 c5 13. Bc2 Rb8 14. h3 Qc7 15. g4 Qc6
16. Kh2 Nb6 17. Ng3 Ne8 18. c4 e6 19. Rb1 Nxc4 20. dxc4 Bxc4 21. Bd3 Bxd3 22.
Qxd3 c4 23. Qe2 d5 24. e5 Qxa4 25. f5 Qd7 26. f6 Nxf6 27. exf6 Bxf6 28. Ne5
Bxe5 29. Qxe5 f6 30. Qe2 c3 31. Bh6 Rfc8 32. Rxf6 b3 33. Rxe6 cxb2 34. Rxb2 Rc2
35. Rxc2 bxc2 36. Re7 Qd6 37. Re8+ Kf7 38. Rxb8 Qxb8 39. Qxc2 Qb4 40. Qc7+ Ke6
41. Qc6+ Ke5 42. Bg7+ Kf4 43. Qc1+ Kf3 44. Qf1+ Ke3 45. Qe2+ Kf4 1-0

[Event "EYb16, Budva YUG"]
[Site "?"]
[Date "2003.??.??"]
[Round "2"]
[White "Nazarov, V."]
[Black "Ravic, N."]
[Result "1-0"]
[WhiteElo "2175"]
[BlackElo "2085"]
[PlyCount "61"]
[EventDate "2003.??.??"]

1. c4 e6 2. Nc3 d5 3. d4 Nf6 4. Nf3 Be7 5. e3 b6 6. Bd3 Bb7 7. O-O Nbd7 8. b3
O-O 9. Bb2 c5 10. Qe2 Rc8 11. Rfd1 Qc7 12. Rac1 Qb8 13. Ne5 dxc4 14. Nxc4 Qa8
15. f3 cxd4 16. exd4 Nd5 17. Nxd5 Bxd5 18. Ne3 Nf6 19. Ba6 Bb7 20. Bc4 Bd6 21.
Qf2 Qb8 22. Qh4 Bf4 23. Re1 h5 24. Rcd1 g5 25. Qh3 h4 26. d5 e5 27. Nf5 Rcd8
28. g3 Nh5 29. gxf4 Nxf4 30. Qg4 f6 31. Bxe5 1-0

[Event "EYb16, Budva YUG"]
[Site "?"]
[Date "2003.??.??"]
[Round "2"]
[White "Teitelbaums, A."]
[Black "Gigov, M."]
[Result "1/2-1/2"]
[WhiteElo "2170"]
[BlackElo "2075"]
[PlyCount "76"]
[EventDate "2003.??.??"]

1. d4 Nf6 2. Nf3 g6 3. Nc3 d5 4. Bf4 c6 5. e3 Bg7 6. h3 b6 7. Be2 Ba6 8. Bxa6
Nxa6 9. Qe2 Nc7 10. Ne5 c5 11. Nb5 Ne6 12. Bh2 a6 13. Nc3 cxd4 14. Nc6 Qd7 15.
Nxd4 O-O 16. O-O b5 17. a3 Nc5 18. Rad1 e6 19. Nf3 Rac8 20. Na2 Nfe4 21. Ne5
Qe7 22. Nb4 Na4 23. c3 Qb7 24. Rc1 a5 25. Nbd3 f6 26. Nf3 e5 27. Nd2 Nd6 28.
Nb3 Nc4 29. Rc2 Rfd8 30. Nbc1 Nab6 31. Re1 f5 32. Rd1 Qe7 33. Ne1 Rc6 34. Nf3
Rdc8 35. Nb3 g5 36. Nfd2 a4 37. Nc1 f4 38. exf4 e4 1/2-1/2

[Event "EYb16, Budva YUG"]
[Site "?"]
[Date "2003.??.??"]
[Round "3"]
[White "Mamedov, Rau"]
[Black "Ponkratov, P."]
[Result "1/2-1/2"]
[WhiteElo "2405"]
[BlackElo "2295"]
[PlyCount "50"]
[EventDate "2003.??.??"]

1. e4 e5 2. Nf3 Nc6 3. Bc4 Nf6 4. d3 Bc5 5. c3 a5 6. O-O d6 7. h3 O-O 8. Bb3 h6
9. Bc2 Bb6 10. a3 Qe7 11. Re1 Be6 12. d4 exd4 13. cxd4 d5 14. e5 Ne4 15. Be3 f5
16. exf6 Qxf6 17. Kh2 Nd6 18. Nc3 Nf5 19. Ne2 Nh4 20. Nxh4 Qxh4 21. Ng3 Ne7 22.
Qd3 Bf5 23. Nxf5 Nxf5 24. g4 Nxe3 25. Qh7+ Kf7 1/2-1/2

[Event "EYb16, Budva YUG"]
[Site "?"]
[Date "2003.??.??"]
[Round "3"]
[White "Czarnota, P."]
[Black "Glicenstein, A."]
[Result "1-0"]
[WhiteElo "2350"]
[BlackElo "2305"]
[PlyCount "69"]
[EventDate "2003.??.??"]

1. e4 c5 2. Nc3 Nc6 3. f4 e6 4. Bc4 a6 5. a4 Nf6 6. e5 d5 7. exf6 dxc4 8. fxg7
Bxg7 9. Nf3 Nd4 10. O-O b5 11. Ne2 Nxf3+ 12. Rxf3 Bb7 13. Rg3 Bd4+ 14. Nxd4
Qxd4+ 15. Kh1 O-O-O 16. axb5 axb5 17. Qg1 Qd5 18. Ra5 Qc6 19. b3 h5 20. Rg5 Rd5
21. bxc4 Rxg5 22. fxg5 h4 23. h3 Rd8 24. Rxb5 Rd4 25. d3 Ba6 26. Rb3 Rd7 27.
Be3 Rc7 28. Qf2 Bb7 29. Rb5 Qa6 30. Qxh4 Qa1+ 31. Kh2 Ba6 32. Rb6 Rb7 33. Rxb7
Bxb7 34. Qf2 Qe5+ 35. Qf4 1-0

[Event "EYb16, Budva YUG"]
[Site "?"]
[Date "2003.??.??"]
[Round "3"]
[White "Zinchenko, Y."]
[Black "Malinovsky, K."]
[Result "1-0"]
[WhiteElo "2320"]
[BlackElo "2215"]
[PlyCount "111"]
[EventDate "2003.??.??"]

1. e4 e5 2. Nf3 Nc6 3. Bb5 a6 4. Ba4 Nf6 5. d4 exd4 6. O-O Be7 7. Re1 b5 8. e5
Nxe5 9. Rxe5 bxa4 10. Nxd4 O-O 11. Nc3 Bb7 12. Nf5 Re8 13. Bg5 Bf8 14. Qd4 Rxe5
15. Qxe5 d6 16. Qf4 Qd7 17. Nxg7 Bxg7 18. Bxf6 Bxf6 19. Qxf6 Re8 20. Qg5+ Kh8
21. Qf6+ Kg8 22. f3 Re6 23. Qf4 Qe8 24. Kf2 Qc6 25. Qd4 Rg6 26. Rf1 a3 27. b3
Rg5 28. h4 Qc5 29. Ne2 Rd5 30. Qxc5 Rxc5 31. c4 a5 32. Nc3 Bc6 33. Nb1 a4 34.
Nxa3 axb3 35. axb3 Ra5 36. Ra1 Ra8 37. Nc2 Rb8 38. Nd4 Be8 39. Ra7 c5 40. Nf5
Rb6 41. Ra8 Kf8 42. Ne3 Rxb3 43. Nd5 Rb2+ 44. Kg3 Re2 45. Nc7 Re7 46. Rc8 f6
47. Kf4 Kf7 48. Nxe8 Rxe8 49. Rxe8 Kxe8 50. Ke4 Ke7 51. Kd5 Kd7 52. g4 Ke7 53.
f4 h6 54. h5 Kd7 55. g5 fxg5 56. fxg5 1-0

[Event "EYb16, Budva YUG"]
[Site "?"]
[Date "2003.??.??"]
[Round "3"]
[White "Kaplan, S."]
[Black "Kuzmicz, K."]
[Result "1-0"]
[WhiteElo "2205"]
[BlackElo "2310"]
[PlyCount "85"]
[EventDate "2003.??.??"]

1. e4 c5 2. Nf3 g6 3. c3 Bg7 4. d4 cxd4 5. cxd4 d5 6. exd5 Nf6 7. Bb5+ Bd7 8.
Bc4 O-O 9. Nc3 Bg4 10. h3 Bxf3 11. Qxf3 Nbd7 12. O-O Nb6 13. Bb3 Qd7 14. Bf4
Ne8 15. Rad1 Nd6 16. Rfe1 Rfe8 17. Ne4 Nxe4 18. Qxe4 Rad8 19. Rc1 Nxd5 20. Bxd5
Qxd5 21. Qxd5 Rxd5 22. Rxe7 Red8 23. Be5 Bxe5 24. dxe5 R8d7 25. Rxd7 Rxd7 26.
Rc2 Kf8 27. f4 Ke7 28. Kf2 Ke6 29. Ke3 f6 30. exf6 Kxf6 31. Rd2 Re7+ 32. Kf3 h5
33. g4 hxg4+ 34. hxg4 Rc7 35. Rd6+ Kf7 36. Kg3 b6 37. Kh4 Rc2 38. Kg5 Rc5+ 39.
Kh6 Rc4 40. Rd7+ Ke6 41. Rxa7 Rxf4 42. g5 Rf2 43. b3 1-0

[Event "EYb16, Budva YUG"]
[Site "?"]
[Date "2003.??.??"]
[Round "3"]
[White "Balogh, C."]
[Black "Meier, Geo"]
[Result "1-0"]
[WhiteElo "2460"]
[BlackElo "2300"]
[PlyCount "77"]
[EventDate "2003.??.??"]

1. e4 e6 2. d4 d5 3. Nd2 dxe4 4. Nxe4 Nd7 5. Bd3 Ngf6 6. Qe2 c5 7. Nxf6+ Nxf6
8. dxc5 Bxc5 9. Nf3 Qc7 10. Bd2 O-O 11. O-O-O b6 12. Ne5 Bb7 13. Rhe1 Rfd8 14.
g4 Nd5 15. Kb1 Ne3 16. Bxe3 Qxe5 17. Bxc5 Qxc5 18. f4 Rd6 19. f5 Rad8 20. g5
Bc6 21. g6 hxg6 22. fxg6 fxg6 23. Rc1 Rf8 24. Qg4 Qh5 25. Qg3 Rfd8 26. Re5 Qh6
27. Rce1 Be8 28. Rxe6 Rxe6 29. Rxe6 Bf7 30. Re7 Qh5 31. b3 Qc5 32. Rxa7 b5 33.
Rc7 Qb4 34. Qf2 Rf8 35. Qc5 Qe1+ 36. Kb2 b4 37. Qd4 Qd2 38. Rd7 g5 39. Bh7+ 1-0

[Event "EYb16, Budva YUG"]
[Site "?"]
[Date "2003.??.??"]
[Round "3"]
[White "Ryzhov, I."]
[Black "Rakitskij, D."]
[Result "1-0"]
[WhiteElo "2240"]
[BlackElo "2180"]
[PlyCount "71"]
[EventDate "2003.??.??"]

1. d4 d5 2. c4 dxc4 3. Nf3 Nf6 4. e3 Bg4 5. Bxc4 e6 6. O-O a6 7. a3 Nc6 8. Be2
Bd6 9. h3 Bh5 10. b4 O-O 11. Bb2 Qe7 12. Ne5 Bxe2 13. Qxe2 Bxe5 14. dxe5 Nd7
15. f4 f6 16. exf6 Nxf6 17. Nd2 e5 18. f5 Rad8 19. Nf3 Kh8 20. Ng5 Rd6 21. Ne6
Re8 22. e4 Qd7 23. Bc3 Nd8 24. Bxe5 Rd2 25. Qf3 Nxe6 26. Bxf6 gxf6 27. fxe6
Rxe6 28. Rae1 Qd4+ 29. Kh1 Qe5 30. Qg4 Re8 31. Rf5 Qc3 32. Rc5 Qd4 33. Rxc7 Rg8
34. Qh5 Rg7 35. Qe8+ Rg8 36. Qf7 1-0

[Event "EYb16, Budva YUG"]
[Site "?"]
[Date "2003.??.??"]
[Round "3"]
[White "Ris, R."]
[Black "Romanov, E."]
[Result "1/2-1/2"]
[WhiteElo "2205"]
[BlackElo "2405"]
[PlyCount "108"]
[EventDate "2003.??.??"]

1. e4 e5 2. Nf3 Nc6 3. Bb5 a6 4. Ba4 Nf6 5. O-O Be7 6. Re1 b5 7. Bb3 d6 8. c3
O-O 9. d4 Bg4 10. Be3 exd4 11. cxd4 d5 12. e5 Ne4 13. h3 Bh5 14. g4 Bg6 15. Nh2
Bh4 16. Nf3 Be7 17. Nh2 Na5 18. f3 Nxb3 19. Qxb3 Ng5 20. Nc3 Nxh3+ 21. Kg2 Ng5
22. Nxd5 c6 23. Nxe7+ Qxe7 24. Rac1 Rac8 25. Red1 Ne6 26. Qa3 Qb7 27. Nf1 f5
28. gxf5 Bxf5 29. Ng3 Qf7 30. Rf1 Qg6 31. Qe7 Rf7 32. Qh4 Nc7 33. Qh5 Qe6 34.
Ne4 Nd5 35. Bd2 Bg6 36. Qh4 Rfc7 37. Rh1 Ne7 38. Nd6 Rf8 39. b3 Qd5 40. Rh3 Nf5
41. Nxf5 Bxf5 42. Rg3 Rd7 43. Bb4 Re8 44. Bd6 Rxd6 45. exd6 Qxd6 46. Rf1 h6 47.
Kh1 Re2 48. Rfg1 g5 49. Rxg5+ hxg5 50. Qxg5+ Bg6 51. Qxg6+ Qxg6 52. Rxg6+ Kf7
53. Rxc6 Rxa2 54. Rb6 Ra3 1/2-1/2

[Event "EYb16, Budva YUG"]
[Site "?"]
[Date "2003.??.??"]
[Round "3"]
[White "Dimovski, Ne"]
[Black "Moranda, W."]
[Result "0-1"]
[WhiteElo "2100"]
[BlackElo "2355"]
[PlyCount "118"]
[EventDate "2003.??.??"]

1. e4 c5 2. Nf3 d6 3. d4 cxd4 4. Nxd4 Nf6 5. Nc3 a6 6. Nb3 e6 7. Bd3 b5 8. O-O
Bb7 9. Qe2 Nbd7 10. f4 Qc7 11. Bd2 Nb6 12. a4 b4 13. Nd1 d5 14. e5 Ne4 15. Bxe4
dxe4 16. Ne3 Nd5 17. Nxd5 Bxd5 18. Rfc1 Be7 19. Be3 Bc4 20. Qf2 O-O 21. Bc5 f6
22. Bxe7 Qxe7 23. Qc5 Qxc5+ 24. Nxc5 fxe5 25. fxe5 e3 26. Re1 Rf2 27. Rxe3 Rxc2
28. Nd3 Bxd3 29. Rxd3 Rxb2 30. Rad1 Kf8 31. R3d2 Rxd2 32. Rxd2 b3 33. Rb2 Rb8
34. Kf2 Kf7 35. Ke3 Kg6 36. Kd4 Kf5 37. Rf2+ Kg4 38. Rb2 a5 39. Kc5 Kf5 40. Kd6
Rb6+ 41. Ke7 Rb4 42. Kd6 Rd4+ 43. Kc5 Rxa4 44. Rxb3 Kxe5 45. Re3+ Re4 46. Rh3
h6 47. Rh5+ Kf6 48. Kd6 a4 49. Ra5 Rd4+ 50. Kc6 Rd2 51. Rxa4 Rxg2 52. h4 g5 53.
hxg5+ hxg5 54. Re4 g4 55. Rf4+ Ke5 56. Rf1 g3 57. Kd7 Rd2+ 58. Ke7 g2 59. Re1+
Kf5 0-1